[Event "Excaliburs-Kemper"]
[Site "?"]
[Date "2002.10.17"]
[Round "?"]
[White "Friske, Tom"]
[Black "Leong, Gee"]
[Result "1-0"]
[WhiteElo "2073"]
[BlackElo "1961"]
[PlyCount "51"]
[EventDate "2002.??.??"]

1. d4 Nf6 2. c4 g6 3. Nc3 d5 4. cxd5 Nxd5 5. e4 Nxc3 6. bxc3 Bg7 7. Be3 c5 8.
Qd2 {#} 8... cxd4 9. cxd4 O-O 10. Nf3 Nc6 (10... Bg4 11. Ng5 {
follows Karpov-Kasparov, 1990 match}) 11. Be2 e6 {
normally heralds b6, Bb7 development, so ...} (11... Bg4) 12. Rc1 {
seeing if we can make trouble on c6} 12... Bd7 13. O-O Re8 {
Now d7-Bishop is running out of squares, becomes key very soon!} 14. Bg5 {
#Probing. Will Black move Queen or block?} 14... f6 15. Be3 {Mission accomplish
ed. g7-Bishop has lost immediate contact with e5 (see game continuation, move
#18) and e6 is weakened.} 15... b6 {#} 16. Ba6 {standard stuff, the light
squares become a problem. Immediate threat is Bb7, forking.} 16... Rb8 {
White needs to be mindful of possible b5, Rb6 winning that Bishop!} 17. Bf4 {
Pretty well forces the game line} 17... e5 18. dxe5 {#} 18... fxe5 ({No good is
} 18... Nxe5 19. Nxe5 fxe5 20. Bg5 {#wins a piece} 20... Bf6 (20... Re7 21.
Rfd1 $1 Qe8 22. Bxe7 Qxe7 23. Qxd7) 21. Bxf6 Qxf6 22. Qxd7) 19. Bg5 {
As Gee said, "this is what I get for my passive moves"} 19... Ne7 (19... Qc7 {
looks awkward, but only way to survive}) 20. Rfd1 {And the troubled d7-Bishop
(see Black's 12th and 13th moves) forces a piece demise.} 20... h6 ({
The student can prove all the variations. The longest being:} 20... Ba4 21.
Qxd8 Rbxd8 22. Rxd8 Rxd8 23. Bxe7 {#} 23... Rd7 (23... Re8 24. Ba3 b5 25. Bb7)
24. Rc8+ $6 Kf7) 21. Bc4+ $1 {#Thanks to that earlier f6 move by Black and the
recent Ne7 which blocked e6 protection, White dodges the b6 trap and probes
King.} 21... Kf8 $2 (21... Kh7 22. Qxd7 Qxd7 23. Rxd7 hxg5 24. Nxg5+ Kh8 25.
Rc3) ({I thought his best was} 21... Kh8 22. Bxh6 {threat Ng5-f7+ forking}
22... Bxh6 23. Qxh6#) 22. Nxe5 $1 {
#Not too deep, I'm removing a defender of f4 so the piece comes back after Qf4+
} 22... Bxe5 (22... hxg5 23. Nxd7+ {forces loss of Queen}) 23. Bxh6+ {
Actually, when making Nxe5 move, thought this would be mate!} 23... Bg7 {
Diagram #} 24. Qf4+ {BLACK RESIGNED} ({Driving home realized:} 24. Qd4 $1 {
taking advantage of pinned Bishop, with Qxg7 mate in the works, so...} 24...
Nf5 (24... Bxh6 $4 25. Qh8+ Ng8 26. Qxg8+ Ke7 27. Qf7#) 25. exf5 {
#mate still threatened} 25... Qe7 (25... Qf6 $4 26. Qxf6#) (25... Re7 $2 26.
Qf6+ Ke8 27. Bxg7 {and mate isn't far away}) 26. Qd5 $1 {Qg8 mates} (26. Bxg7+
Qxg7 27. Qxd7) 26... Qf6 {#so King can escape via e7, but...} 27. Re1 Be6 {
cheapest way to stop mate} 28. Bxg7+ Kxg7 29. fxe6) 24... Nf5 25. exf5 {
threatens Qd6+, Qxd7 and also fxg+} 25... Qf6 26. Rxd7 1-0

[Event "Kemper-Excaliburs"]
[Site "?"]
[Date "2002.10.17"]
[Round "?"]
[White "Siwek, Mark"]
[Black "Sollano, Ely"]
[Result "1/2-1/2"]
[WhiteElo "2002"]
[BlackElo "1998"]
[PlyCount "50"]
[EventDate "2002.??.??"]

1. e4 c5 2. Nf3 e6 3. d4 cxd4 4. Nxd4 a6 5. c4 Nf6 6. Nc3 Qc7 7. Be2 Bb4 8. f3
O-O 9. O-O Bc5 10. Be3 Nc6 11. Nc2 Bxe3+ 12. Nxe3 Ne5 13. Kh1 Ng6 14. Qd2 Nf4
15. Rfd1 Qc5 16. Qd4 Qg5 17. e5 N6h5 18. g4 Nxe2 19. Nxe2 b5 20. gxh5 Bb7 21.
Rf1 Qxh5 22. Qf4 f6 23. Ng3 Qh3 24. Qg4 Qh6 25. Rae1 fxe5 {
as it was last game going (and White's team had already lost), DRAW AGREED}
1/2-1/2

[Event "Excaliburs-Kemper"]
[Site "?"]
[Date "2002.10.17"]
[Round "?"]
[White "Kogan, Greg"]
[Black "Hughes, Norm"]
[Result "1-0"]
[WhiteElo "1849"]
[BlackElo "1702"]
[PlyCount "50"]
[EventDate "2002.??.??"]

1. e4 e5 2. Nf3 Nf6 3. d4 Nxe4 4. Nxe5 d5 5. Bd3 Bd6 6. Bxe4 dxe4 7. Qe2 Bxe5
8. dxe5 Qd5 9. Bf4 Bf5 10. Nc3 Qc6 11. O-O O-O 12. Rad1 Qg6 13. Nd5 Nc6 14.
Rfe1 Bg4 15. Qb5 Bxd1 16. Rxd1 e3 17. Nxe3 Qe4 18. Bg3 Nd4 19. Qc4 Rad8 20. Kf1
c5 21. Qxc5 Ne6 22. Qc3 Rxd1+ 23. Nxd1 Nf4 24. Bxf4 Qxf4 25. g3 Rd8 $4 {eeek!!}
1-0

[Event "Kemper-Excaliburs"]
[Site "?"]
[Date "2002.10.15"]
[Round "?"]
[White "Olsen, Art"]
[Black "Weitz, Ron"]
[Result "0-1"]
[WhiteElo "1554"]
[BlackElo "1640"]
[PlyCount "54"]
[EventDate "2002.??.??"]

1. e4 b6 2. Bc4 Bb7 3. d3 g6 4. Ne2 Bg7 5. O-O e6 6. f4 Ne7 7. Ng3 Nbc6 8. a3
d6 9. c3 Qd7 10. d4 O-O-O 11. b4 f5 12. d5 exd5 13. exd5 Nb8 14. a4 c6 15. dxc6
Qxc6 16. Be6+ Nd7 17. Ra2 Kb8 18. c4 Nf6 19. b5 Qc5+ 20. Kh1 Ng4 21. h3 $2 Ne3
(21... Nf2+ 22. Raxf2) 22. Bxe3 Qxe3 23. Re2 Qxg3 24. Bd5 Nxd5 25. cxd5 Rhe8
26. Re6 Rxe6 {WHITE RESIGNED} 27. dxe6 Qxg2# 0-1

[Event "Kemper-Excaliburs"]
[Site "?"]
[Date "2002.10.17"]
[Round "?"]
[White "Wirtz, Robert"]
[Black "Oelhafen, Art"]
[Result "1/2-1/2"]
[WhiteElo "1350"]
[BlackElo "1252"]
[PlyCount "51"]
[EventDate "2002.??.??"]

1. e4 e5 2. Nf3 Nc6 3. Bb5 Nf6 4. Bxc6 dxc6 5. Nc3 Bg4 6. d3 Bb4 7. Bd2 {
Diagram #} 7... Qd4 8. h3 Bxf3 9. Qxf3 O-O-O 10. O-O-O {Diagram #} 10... Bxc3 {
only helps White} (10... c5 {idea of c4 uses doubled Pawn constructively}) 11.
Bxc3 Qa4 12. Kb1 Qb5 {Diagram #} 13. Qf5+ Rd7 14. Bxe5 Rhd8 15. Bxf6 Qxf5 16.
exf5 gxf6 {Diagram #} 17. Rhe1 Rd4 18. Re7 R8d7 19. Re8+ Rd8 20. Re7 R4d7 {
Diagram #} 21. Rde1 Rxe7 22. Rxe7 Rd7 23. Re4 c5 {Diagram #} 24. b3 Rd5 25. Re7
Rd7 {Diagram # As I watched this game "live", I couldn't believe my eyes! An
unusual Pawn ending where one side has eight Pawns and the other seven! Then
there are the three sets of doubled Pawns!} 26. Re4 {DRAW AGREED} ({
Being a Pawn up, White needn't fear the Pawn ending and could explore a little
} 26. Rxd7 Kxd7 27. Kc1 Kd6 28. f4 $1 {#idea b5-4, to advance the extra Pawn.
If Black King heads for Kside, White's goes Qside! What else is interesting,
the doubled Pawns on the f-file cutoff Black from arriving through the center,
he must concede it to White!!} 28... Kd5 {
the following lines aren't forced, but highlight White's main ideas} 29. Kd2 b5
(29... Kd4 30. c3+) 30. c3 a5 31. Ke3 {
#White centralizes K after c4+ and d4, if necessary.} 31... a4 32. c4+ $1 Kc6 (
32... bxc4 33. bxc4+ Kd6 34. d4 {and after White wins h-Pawn, he'll have the
outside passer, so Black's King is overloaded stopping passers on both sides
of board.}) 33. bxa4 bxc4 34. dxc4 Kb6 (34... h5 35. g4) 35. g4 (35. Ke4 c6) (
35. Kd3 Ka5) 35... Ka5 (35... h6 36. h4 Ka5 37. g5 fxg5 38. fxg5 hxg5 39. hxg5)
36. g5 Kxa4 37. h4 Ka3 38. h5 Kxa2 39. g6 fxg6 40. fxg6 hxg6 41. hxg6) 1/2-1/2

[Event "Reader-Getco"]
[Site "?"]
[Date "2002.??.??"]
[Round "?"]
[White "Fulkerson, Robert"]
[Black "Kratka, Milan"]
[Result "0-1"]
[WhiteElo "1381"]
[BlackElo "1640"]
[PlyCount "116"]
[EventDate "2002.??.??"]

1. e4 e5 2. Nc3 Nc6 3. Nf3 Bc5 4. Bb5 Nf6 5. Bxc6 dxc6 6. Nxe5 Qd4 7. Nd3 O-O
8. Nxc5 Qxc5 9. d3 Ng4 10. Qe2 f5 11. h3 Nf6 12. f3 fxe4 13. dxe4 Qb4 14. a3
Qa5 15. Bd2 Qc5 16. O-O-O Be6 17. g4 b5 18. Qe3 Nd7 19. Rhf1 a5 20. Qxc5 Nxc5
21. Be3 Nb7 22. f4 Bc4 23. Rfe1 b4 24. Nb1 Nd6 25. Bc5 Rxf4 26. Bxd6 cxd6 27.
Rxd6 c5 28. Nd2 Bf7 29. a4 c4 30. Rc6 Be8 31. Rxc4 Bxa4 32. Rc5 Rf2 33. b3 Be8
34. Nc4 a4 35. Ra5 Rxa5 36. Nxa5 Rh2 37. bxa4 Bxa4 38. Nb3 Rxh3 39. Nc5 Bxc2
40. Kxc2 Rc3+ 41. Kb2 Rxc5 42. Kb3 Rb5 43. e5 Kf7 44. Re4 Ke6 45. Rf4 Rb7 46.
Re4 Rb5 47. Rf4 Rxe5 48. Kxb4 Kd5 49. Kc3 h6 50. Kd3 Kd6 51. Kd4 Re6 52. Re4
Rxe4+ 53. Kxe4 Ke6 54. Kf4 Kf6 55. Ke4 Kg5 56. Kf3 Kh4 57. Kf4 g5+ 58. Kf3 Kh3
0-1

[Event "Getco-Reader"]
[Site "?"]
[Date "2002.??.??"]
[Round "?"]
[White "Lansing, Jon"]
[Black "Dominguez, Rich"]
[Result "1-0"]
[WhiteElo "1503"]
[BlackElo "1319"]
[PlyCount "27"]
[EventDate "2002.??.??"]

1. e4 d6 2. d4 Nf6 3. Nc3 g6 4. Nf3 Bg7 5. Bc4 Bg4 6. Be3 Nbd7 7. Qd2 O-O 8.
Ng5 e6 9. h3 Nxe4 10. Ngxe4 d5 11. hxg4 dxc4 12. Bh6 Re8 13. Bxg7 Kxg7 14. Qh6+
1-0

[Event "LBurn-Citadel"]
[Site "?"]
[Date "2002.10.16"]
[Round "2.1"]
[White "Eaman, Rob"]
[Black "Hayhurst, Lyle"]
[Result "1-0"]
[WhiteElo "1836"]
[BlackElo "1847"]
[PlyCount "75"]
[EventDate "2002.??.??"]

1. e4 c5 2. Nf3 e6 3. Nc3 Nc6 4. d4 cxd4 5. Nxd4 Nf6 6. f3 a6 7. Be3 d6 8. Bc4
Qc7 9. Bb3 Be7 10. Qd2 b5 11. Nxc6 Qxc6 12. h4 Bb7 13. h5 h6 14. a4 b4 15. Ne2
e5 16. a5 d5 17. Ba4 Qxa4 18. Rxa4 dxe4 19. f4 Rd8 20. Qc1 Bc6 21. Ra1 Ng4 22.
O-O O-O 23. fxe5 Nxe5 24. Nd4 Bb7 25. Nf5 Rfe8 26. Nxe7+ Rxe7 27. Bc5 Red7 28.
Bxb4 Ng4 29. Qf4 Nf6 30. Qh4 e3 31. Bc3 Ne4 32. Kh2 Nxc3 33. bxc3 Rd2 34. Rg1
R8d5 35. Rab1 Bc6 36. Rb8+ Kh7 37. Qe4+ f5 38. Qe6 1-0

[Event "LBurn-Citadel"]
[Site "?"]
[Date "2002.??.??"]
[Round "?"]
[White "Fulkerson, Robert"]
[Black "Sensat, J."]
[Result "1-0"]
[WhiteElo "1381"]
[BlackElo "1779"]
[PlyCount "83"]
[EventDate "2002.??.??"]

1. e4 c5 2. Nc3 a6 3. b3 d6 4. Bb2 e6 5. Qe2 Nf6 6. O-O-O Be7 7. f4 O-O 8. g4
Nc6 9. Nf3 Nxg4 10. Rg1 f5 11. h3 Nh6 12. Qg2 g6 13. Ng5 Bxg5 14. fxg5 Nf7 15.
h4 f4 16. h5 Nfe5 17. hxg6 Nxg6 18. Qh2 b5 19. Qh6 Ra7 20. Bh3 Qe7 21. Rdf1 Qg7
22. Qh5 Nd4 23. Ne2 Nxe2+ 24. Qxe2 e5 25. Bxc8 Rxc8 26. Rf3 Rf8 27. Rh3 Qd7 28.
Rgh1 Qd8 29. Qd3 Kh8 30. Qd5 f3 31. Kd1 Qe7 32. R3h2 Qxg5 33. Qxd6 Rd8 34. Qxc5
Rf7 35. Rf1 Qf4 36. Rhf2 Rfd7 37. d3 Qxe4 38. Rxf3 Qg4 39. Bxe5+ Nxe5 40. Qxe5+
Kg8 41. Kc1 Rd4 42. Rg3 1-0

[Event "UOP-Excaliburs"]
[Site "?"]
[Date "2002.10.29"]
[Round "?"]
[White "Stevanovic, Mike"]
[Black "Inumerable, Florin"]
[Result "0-1"]
[WhiteElo "2252"]
[BlackElo "2249"]
[PlyCount "69"]
[EventDate "2002.??.??"]

1. Nc3 g6 2. h4 d5 3. e4 d4 4. Nce2 e5 5. Ng3 h5 6. N3e2 Nh6 7. d3 Be7 8. g3
Nc6 9. Bh3 f5 10. Nf3 Nf7 11. Nd2 Be6 12. Bg2 Qd7 13. a3 O-O-O 14. b4 a6 15.
Nb3 fxe4 16. Bxe4 b6 17. Bb2 g5 18. Qd2 gxh4 19. gxh4 Bf8 20. c4 Bh6 21. Qc2
Nd6 22. f3 Nxe4 23. fxe4 Qf7 24. Rf1 Qe7 25. Rh1 Rdg8 26. Bc1 Bxc1 27. Nbxc1
Rg2 28. Qa4 Kb7 29. Kd1 Bg4 30. Ra2 Rf8 31. Rd2 Rff2 32. Qc2 Qf6 33. Qa2 Rf1+
34. Rxf1 Qxf1+ 35. Kc2 0-1

[Event "UOP-Excaliburs"]
[Site "?"]
[Date "2002.10.29"]
[Round "?"]
[White "Buerger, Ed"]
[Black "Sollano, Ely"]
[Result "1-0"]
[WhiteElo "2028"]
[BlackElo "1998"]
[PlyCount "135"]
[EventDate "2002.??.??"]

1. d4 Nf6 2. c4 g6 3. Nc3 Bg7 4. e4 d6 5. f3 O-O 6. Be3 Nc6 7. Qd2 a6 8. O-O-O
b5 9. cxb5 axb5 10. Bxb5 Na5 11. Nge2 c6 12. Bd3 Be6 13. Kb1 Qb8 14. Bh6 Bc4
15. Bxg7 Kxg7 16. Rc1 Qa7 17. Bxc4 Nxc4 18. Qd3 d5 19. Rc2 Rfb8 20. Ka1 e6 21.
Nc1 Qb6 22. b3 Na3 23. Rd2 Qb4 24. Re1 Ra7 25. Ree2 Nd7 26. Rb2 Qd6 27. g3 Kg8
28. Na4 Nb5 29. e5 Qb4 30. Red2 Nc7 31. Rdc2 Nb5 32. Ne2 Na3 33. Rd2 c5 34.
Nxc5 Nxc5 35. dxc5 Qxc5 36. Qd4 Qc7 37. Qc3 Qxc3 38. Nxc3 Rc7 39. Ne2 Rbc8 40.
Rd1 d4 41. Rbd2 Nc2+ 42. Kb2 Ne3 43. Rc1 Rxc1 44. Nxc1 Rd8 45. Ne2 d3 46. Nf4
Rc8 47. Rxd3 Nf1 48. Rc3 Rd8 49. Rc2 Nd2 50. Rc3 Nf1 51. Rd3 Rc8 52. Ne2 Nxh2
53. b4 Kg7 54. a4 f6 55. Rd7+ Kh6 56. exf6 Nxf3 57. b5 Ne5 58. Re7 Nd3+ 59. Ka3
Nc5 60. a5 Rf8 61. f7 Kg7 62. a6 Rd8 63. Kb4 Nd3+ 64. Ka5 Rf8 65. a7 Ne5 66.
Nd4 Nc4+ 67. Ka6 Kf6 68. Nxe6 1-0

[Event "Excaliburs-UOP"]
[Site "?"]
[Date "2002.10.29"]
[Round "?"]
[White "Kogan, Greg"]
[Black "Boldingh, Ed"]
[Result "0-1"]
[WhiteElo "1849"]
[BlackElo "1912"]
[PlyCount "62"]
[EventDate "2002.??.??"]

1. e4 d5 2. d4 dxe4 3. Nc3 Nf6 4. Bg5 Bf5 5. Bb5+ c6 6. Bc4 Nbd7 7. Nge2 b5 8.
Bb3 a5 9. a3 h6 10. Bh4 e6 11. Ng3 g5 12. Nxf5 exf5 13. Bg3 f4 14. O-O Bd6 15.
Qe2 O-O 16. Nxe4 Re8 17. Rae1 Rxe4 18. Qd3 Rxe1 19. Rxe1 fxg3 20. Qg6+ Kh8 21.
Qxh6+ Nh7 22. Qxd6 gxf2+ 23. Kxf2 Nb6 24. Qxc6 Qxd4+ 25. Kf1 Nf6 26. Bxf7 Rc8
27. Qf3 Ng4 28. Qg3 Kg7 29. Be8 Nc4 30. Re7+ Kf8 31. Re6 Nce3+ 0-1

[Event "CCDOC-Chargers"]
[Site "?"]
[Date "2002.10.??"]
[Round "?"]
[White "Seaton, Ed"]
[Black "Dobrovolny, Chuck"]
[Result "1-0"]
[WhiteElo "1625"]
[BlackElo "1845"]
[PlyCount "43"]
[EventDate "2002.??.??"]

1. e4 c5 2. Nf3 a6 3. d4 cxd4 4. Nxd4 d6 5. Bg5 $5 g6 6. Bc4 Bg7 7. O-O Nf6 8.
Nd2 O-O 9. Re1 Nbd7 10. N2f3 Qc7 {#} 11. Bb3 $2 {taking b3 from the d4-Knight}
11... b5 $2 (11... e5 {#wins Pawn after} 12. Ne2 Nxe4) 12. Qd2 Bb7 (12... e5 {
still possible}) 13. Bh6 $2 Nxe4 14. Qe3 {#} 14... Ndc5 (14... Bxh6 15. Qxh6 {
but can White get Ng5 in to make Qxh7# ?}) 15. Rad1 Nxb3 16. cxb3 Rac8 $4 {
# Oblivious to threats down the e-file} 17. Bxg7 Kxg7 {#} 18. Ng5 $1 Nxg5 19.
Qxg5 {#} 19... Kh8 $4 (19... e5 {still saves the day  (editor finds)} 20. Nf5+
{#} 20... Kg8 (20... Kh8 $4 21. Qf6+ Kg8 22. Qg7#) 21. Ne7+ {
winning the exchange}) 20. Rxe7 Qd8 $4 {#} 21. Qf6+ Kg8 22. Ne6 {
# White will mate next move} 1-0

[Event "CCDOC-Pawns"]
[Site "?"]
[Date "2002.11.04"]
[Round "?"]
[White "Williams, Kent"]
[Black "Jakstas, Kaz"]
[Result "1/2-1/2"]
[WhiteElo "2098"]
[BlackElo "2129"]
[PlyCount "41"]
[EventDate "2002.??.??"]

1. d4 Nf6 2. c4 c5 3. e3 e6 4. Nf3 d5 5. Nc3 Nc6 6. a3 Ne4 7. Qc2 Nxc3 8. Qxc3
cxd4 9. exd4 dxc4 10. Bxc4 Be7 11. O-O Bf6 12. Be3 O-O 13. Rfd1 Ne7 14. Bf4 b6
15. Be5 Bb7 16. Bxf6 gxf6 17. Qe3 Nf5 18. Qf4 Qd6 19. Qg4+ Kh8 20. d5 Rg8 21.
Qe4 1/2-1/2

[Event "Pawns-CCDOC"]
[Site "?"]
[Date "2002.11.04"]
[Round "?"]
[White "Ellice, Wayne"]
[Black "Seaton, Ed"]
[Result "1-0"]
[WhiteElo "1873"]
[BlackElo "1645"]
[PlyCount "73"]
[EventDate "2002.??.??"]

1. e4 b6 2. d4 e6 3. Bd3 Ba6 4. Nf3 Nf6 5. O-O d5 6. e5 Nfd7 7. Bxa6 Nxa6 8.
Qe2 Nb4 9. a3 Nc6 10. b4 a5 11. b5 Ne7 12. Bg5 h6 13. Bh4 g5 14. Bg3 Nf5 15.
Qd2 Nxg3 16. fxg3 Be7 17. Qd3 Rc8 18. Nbd2 c5 19. bxc6 Rxc6 20. c4 Qc7 21. cxd5
Rc3 22. Qe4 Bxa3 23. d6 Qc8 24. Nb1 Bb2 25. Nxc3 Bxa1 26. Rxa1 O-O 27. Rc1 b5
28. Qc2 Qc4 29. Ne4 Nb6 30. Qxc4 (30. Nf6+ Kg7 31. Qh7#) 30... Nxc4 31. Nfd2
Nb2 32. d7 Nc4 33. Nxc4 Rd8 34. Nxa5 Kg7 35. Nf6 Kf8 36. Rc7 b4 37. Nc6 1-0

[Event "Pawns-CCDOC"]
[Site "?"]
[Date "2002.11.04"]
[Round "?"]
[White "Mikulecky, Bob"]
[Black "Appleberry, Tony"]
[Result "1-0"]
[WhiteElo "1470"]
[BlackElo "1406"]
[PlyCount "95"]
[EventDate "2002.??.??"]

1. d4 d5 2. c4 dxc4 3. e4 e6 4. Bxc4 Be7 5. Nf3 Nf6 6. Nc3 Bb4 7. Bg5 Nbd7 8.
e5 h6 9. exf6 hxg5 10. fxg7 Rg8 11. Qa4 Bxc3+ 12. bxc3 c6 13. Qa3 Rxg7 14. Rd1
Nb6 15. Bb3 f6 16. O-O Bd7 17. Rfe1 Nd5 18. Bxd5 cxd5 19. Rb1 b6 20. Re3 Qc7
21. Qa6 g4 22. Nd2 f5 23. Qe2 Ke7 24. Re5 Qxc3 25. Rxf5 Qxd4 26. Nb3 Qa4 27.
Rxd5 Bc6 28. Rd4 Qb5 29. Qe3 Rf8 30. Qg3 Rgf7 31. Qh4+ Rf6 32. Rd2 Qf5 33. Rbd1
Kf7 34. Nd4 Qf4 35. Nxc6 Rh6 36. Qg3 Qxg3 37. fxg3 Rfh8 38. Ne5+ Kg7 39. Nxg4
Rh5 40. Rd7+ Kg6 41. Re1 Rc8 42. Rf1 Rf5 43. Ne3 Rxf1+ 44. Nxf1 a5 45. Rd6 Kf5
46. Rxb6 Rc1 47. Rb5+ Ke4 48. h4 1-0